Marketing internacional

Uloženo v:
Podrobná bibliografie
Hlavní autoři: Bradley, Frank (Autor), Calderón, Haydeé (Autor)
Médium: Kniha
Jazyk:španělština
Vydáno: Madrid Pearson Educación 2006
Vydání:5a. ed
Témata:
Tagy: Přidat tag
Žádné tagy, Buďte první, kdo vytvoří štítek k tomuto záznamu!

MARC

LEADER 00000cam a2200000 a 4500
001 UCK9892
003 CL-VaPUC
005 20240522124839.0
008 060609e20060000SP |||||||||||||||||spa|d
999 |c 316893  |d 316891 
020 |a 8420546194 
040 |c Pontificia Universidad Católica de Valparaíso 
082 0 4 |a 658.848  |b BRA  |2 21 
100 0 |a Bradley, Frank  |e author  |9 499778 
245 1 0 |a Marketing internacional 
250 |a 5a. ed 
260 |a Madrid  |b Pearson Educación  |c 2006 
300 |a 466 p 
583 |a last modification  |c 20170525 09:39:42  |k Rodrigo Vera 
650 0 |a Marketing internacional  |9 889026  |x Planificación estratégica 
650 0 |a Multinacionales  |9 256382 
650 0 |a Competencia económica internacional  |9 263771 
650 0 |a Distribución comercial  |9 886127 
650 0 |a Marcas (Marketing)  |9 886574 
700 0 |a Calderón, Haydeé  |e author  |9 499779 
942 |c BK  |2 ddc 
945 |d 20060609 00:00:00  |a jtorresc 
952 |0 0  |1 0  |4 0  |6 658_848000000000000_BRA_2006  |7 0  |8 R  |9 392453  |a BIBENE  |b BIBENE  |d 2019-11-22  |i 4239784  |o 658.848 BRA 2006  |p 4239784  |r 2025-01-15  |w 2019-11-22  |y BK_R  |k ICO